000
00325nam a2200145Ia 4500
008
231011s9999 xx 000 0 und d
041
_a
eng
082
_a
330
100
_a
Henson Robert
245
_a
Climate Changed
250
_a
1st
260
_b
Penguin Books India Pvt Ltd -
_c
2006
300
_a
341
365
_b
100
999
_c
897003
_d
897003